000 00273nam a2200133Ia 4500
100 _aLAL/ JAIN
650 _aPRODUCTION
942 _cBK
366 _f20
245 _aFoundry Technology
260 _bCBS
_aNew Delhi
_c2007
082 _a671.2/LAL/JAI
546 _aENGLISH
999 _c29563
_d29563